|
LDR
| 02037nam a2200577 a 4500 |
|---|
| 001 | 48150 |
|---|
| 003 | CZ-PrJAB |
|---|
| 005 | 20190107235010.0 |
|---|
| 007 | ta |
|---|
| 008 | 110223s2011 xr afhje 001 0dcze |
|---|
| 015 | | . |
‡acnb002168277 |
|---|
| 020 | | . |
‡a978-80-7021-925-6
‡q(váz.) :
‡cKč 348,00 |
|---|
| 035 | | . |
‡a(CZ PrNK)nkc20112168277 |
|---|
| 035 | | . |
‡a(OCoLC)724297598 |
|---|
| 040 | | . |
‡aOLA001
‡bcze
‡dABA001 |
|---|
| 043 | | . |
‡aa------
‡af------ |
|---|
| 072 | | 7. |
‡a28
‡xIslám
‡2Konspekt
‡95 |
|---|
| 080 | | . |
‡a28(091)
‡2MRF |
|---|
| 080 | | . |
‡a28-1/-9
‡2MRF |
|---|
| 080 | | . |
‡a28-74
‡2MRF |
|---|
| 080 | | . |
‡a28-42
‡2MRF |
|---|
| 080 | | . |
‡a28-587
‡2MRF |
|---|
| 080 | | . |
‡a316.722:28
‡2MRF |
|---|
| 080 | | . |
‡a908(5-15)
‡2MRF |
|---|
| 080 | | . |
‡a908(6-17)
‡2MRF |
|---|
| 080 | | . |
‡a(048.8)
‡2MRF |
|---|
| 082 | 1 | 4. |
‡a297 |
|---|
| 100 | 1 | . |
‡aKropáček, Luboš,
‡d1939-
‡7jk01063435
‡4aut |
|---|
| 245 | 1 | 0. |
‡aDuchovní cesty islámu /
‡cLuboš Kropáček |
|---|
| 250 | | . |
‡a5. vyd. |
|---|
| 260 | | . |
‡aPraha :
‡bVyšehrad,
‡c2011 |
|---|
| 300 | | . |
‡a292 s., [16] s. obr. příl. :
‡bil., faksim., 1 geneal. tabulka ;
‡c21 cm |
|---|
| 504 | | . |
‡aObsahuje bibliografii, bibliografické odkazy a rejstříky |
|---|
| 650 | 0 | 7. |
‡adějiny islámu
‡7ph508974
‡2czenas |
|---|
| 650 | 0 | 7. |
‡aučení islámu
‡7ph164204
‡xdějiny
‡2czenas |
|---|
| 650 | 0 | 7. |
‡aislámské právo
‡7ph121220
‡2czenas |
|---|
| 650 | 0 | 7. |
‡aislámská etika
‡7ph323745
‡2czenas |
|---|
| 650 | 0 | 7. |
‡aislámská mystika
‡7ph121216
‡2czenas |
|---|
| 650 | 0 | 7. |
‡aislámská civilizace
‡7ph121212
‡xdějiny
‡2czenas |
|---|
| 650 | 0 | 9. |
‡ahistory of Islam
‡2eczenas |
|---|
| 650 | 0 | 9. |
‡aIslamic doctrine
‡xhistory
‡2eczenas |
|---|
| 650 | 0 | 9. |
‡aIslamic law
‡2eczenas |
|---|
| 650 | 0 | 9. |
‡aIslamic ethics
‡2eczenas |
|---|
| 650 | 0 | 9. |
‡aIslamic mysticism
‡2eczenas |
|---|
| 650 | 0 | 9. |
‡aIslamic civilization
‡xhistory
‡2eczenas |
|---|
| 651 | | 7. |
‡aislámské země
‡7ge134612
‡xreálie
‡2czenas |
|---|
| 651 | | 9. |
‡aIslamic countries
‡xhistory and geography
‡2eczenas |
|---|
| 655 | | 7. |
‡apřehledy
‡7fd133202
‡2czenas |
|---|
| 655 | | 9. |
‡asurveys
‡2eczenas |
|---|
| 910 | | . |
‡aABG450 |
|---|
| 995 | | . |
‡aska |
|---|
| 901 | | . |
‡a48150
‡bCZ PrNK
‡c48150
‡tbiblio |
|---|